Southville International School and Colleges
Your cart is empty.
  • Cart
  • Lists
    Public lists Eva Luna New books Lux_list list_1
    Your lists Log in to create your own lists
  • Log in to your account
  • Your cookies
  • Search history
Southville International School and Colleges
  • Advanced search
  • Recent comments
  • Most popular
  • Libraries

Log in to your account

Log in with GOOGLE


If you do not have an external account, but do have a local account, you can still log in:

  1. Home
  2. MARC view: Why be afraid of math? /
Normal view MARC view ISBD view

Why be afraid of math? / (Record no. 356112)

[ view plain ]
MARC details
000 -LEADER
fixed length control field 00412nam a2200157Ia 4500
003 - CONTROL NUMBER IDENTIFIER
control field 0
005 - DATE AND TIME OF LATEST TRANSACTION
control field 20260121161439.0
008 - FIXED-LENGTH DATA ELEMENTS--GENERAL INFORMATION
fixed length control field 180309s9999 xx 000 0 und d
020 ## - INTERNATIONAL STANDARD BOOK NUMBER
International Standard Book Number 9715690238
100 ## - MAIN ENTRY--PERSONAL NAME
Personal name Lee, Queena
245 ## - TITLE STATEMENT
Title Why be afraid of math? /
Remainder of title and other intellectual adventures
260 ## - PUBLICATION, DISTRIBUTION, ETC. (IMPRINT)
Place of publication, distribution, etc Makati City :
Name of publisher, distributor, etc Bookmark
Date of publication, distribution, etc 1991
300 ## - PHYSICAL DESCRIPTION
Extent v, 185 pages
650 ## - SUBJECT ADDED ENTRY--TOPICAL TERM
Topical term or geographic name as entry element Mathematics.
942 ## - ADDED ENTRY ELEMENTS (KOHA)
Source of classification or shelving scheme Library of Congress Classification
Koha item type Books
Holdings
Withdrawn status Lost status Damaged status Home library Current library Shelving location Date acquired Source of acquisition Total Checkouts Full call number Barcode Date last seen Price effective from Koha item type
      College Library College Library General Circulation Section 03/13/2018     QA 7 .L477 1991 c21345 05/15/2018 03/13/2018 Books

Why be afraid of math? /

APA

Lee Q., . (1991). Why be afraid of math?. Makati City: Bookmark.

Chicago

Lee Queena, . 1991. Why be afraid of math?. Makati City: Bookmark.

Harvard

Lee Q., . (1991). Why be afraid of math?. Makati City: Bookmark.

MLA

Lee Queena, . Why be afraid of math?. Makati City: Bookmark. 1991.

  • Place hold
  • Print
  • Cite
  • Add to your cart (remove)
  • Save record
    BIBTEX Dublin Core MARCXML MARC (non-Unicode/MARC-8) MARC (Unicode/UTF-8) MARC (Unicode/UTF-8, Standard) MODS (XML) RIS
  • More searches
    Search for this title in:
    Other Libraries (WorldCat) Other Databases (Google Scholar) Online Stores (Bookfinder.com) Open Library (openlibrary.org)

Exporting to Dublin Core...

SOUTHVILLE LIBRARY

Southville International School and Colleges Library

1281 Tropical Ave. Cor. Luxembourg St., BF Homes International, Las Pinas City

Tel. No. 8256374 / 252358 Loc. 117/146

Powered by Koha